000 00629nam a22001697a 4500
020 _qHard Cover.
082 _a004
100 _aDaniyal Ahmad Aftab ; Usman Haider
245 _aAn Artificially Intelligent Chat Bot Designed Using Cognitive-Behavioral Therapy /
_cDaniyal Ahmad Aftab ; Usman Haider
260 _aIslamabad :
_bSEECS - NUST,
_c2019.
300 _a41 p. : ill. ;
_c30cm.
650 _aSoftware Engineering-Project Report.
_930818
700 _aAhman Salman.
_930916
856 _uhttp://10.250.8.41:8080/xmlui/handle/123456789/29516
942 _2ddc
_cPR
999 _c535958
_d535958